| 000 | 00521ntaaa2200205 4500 | ||
|---|---|---|---|
| 003 | 01 | ||
| 005 | 20251027202023.0 | ||
| 008 | 0714s1973 ag 01 | ||
| 020 | _a031112102X | ||
| 040 |
_aAR-BaBN _bspa _cAR-BaBN _eaacr _dRIC |
||
| 082 | _a248.5000 H88g | ||
| 100 | _aHumphrey, Ophelia | ||
| 245 | _aMujeres que testifican | ||
| 250 | _a1 ed. | ||
| 260 |
_aEl Paso : _bCasa Bautista de Publicaciones, _c1990 |
||
| 300 |
_a16 p ; _c28 cm |
||
| 650 |
_amujer en la iglesia _91305 |
||
| 650 | _atestimonios | ||
| 942 | _cBK | ||
| 999 |
_c14976 _d14976 |
||